000 00254nam a22001097a 4500
003 OSt
008 140425b xxu||||| |||| 00| 0 eng d
041 _aeng
245 1 0 _aJapanese Postage Stamp Catalog
260 _aJapan
_bJapan Stamp Dealers
300 _a0 pages
999 _c586
_d586